000 00583cam a2200205 4500500
005 20260329004709.0
041 _afre
042 _adc
100 1 0 _aLarmagnac-Matheron, Octave
_eauthor
245 0 0 _aToilettes avec vue
260 _c2020.
500 _a6
690 _aSlavoj Žižek
690 _aToilettes
690 _aTransparence
690 _aWC
690 _aZizek
786 0 _nPhilosophie magazine | 143 | 10 | 2020-10-01 | p. 5-5 | 1951-1787
856 4 1 _uhttps://shs.cairn.info/magazine-philosophie-magazine-2020-10-page-5?lang=fr&redirect-ssocas=7080
999 _c1836375
_d1836375